Pokémon - Les attaques de M.Glaquette - Statistiques

Statistiques générales
  • Ce quiz a été pris 17 fois
  • Le résultat moyen est 13 sur 30
Statistiques - réponses
Niveaux Types Noms des attaques % Correct
Niveau 48 Psy Psyko
100%
Niveau 12 Psy Choc Mental
90%
Départ Psy Mur Lumière
80%
Départ Psy Protection
80%
Niveau 28 Psy Rafale Psy
80%
Départ Normal Copie
70%
Départ Normal Abri
60%
Départ Normal Écras'Face
60%
Départ Normal Photocopie
60%
Niveau 20 Glace Vent Glace
60%
Niveau 40 Ténèbres Coup Bas
50%
Départ Fée Éclat Magique
50%
Départ Glace Éclats Glace
50%
Départ Normal Encore
50%
Niveau 44 Glace Lyophilisation
50%
Départ Normal Après Vous
40%
Départ Psy Imitation
40%
Départ Normal Relais
40%
Départ Normal Tour Rapide
40%
Départ Fée Champ Brumeux
30%
Départ Ténèbres Croco Larme
30%
Niveau 52 Normal Danse Folle
30%
Niveau 36 Psy Voile Miroir
30%
Niveau 24 Combat Double Pied
20%
Niveau 32 Psy Hypnose
20%
Niveau 16 Psy Interversion
20%
Départ Normal Rune Protect
10%
Départ Normal Barrage
0%
Départ Normal Paresse
0%
Départ Normal Recyclage
0%
Aucun quiz correspondant
Distribution des résultats
% des personnes avec chaque résultat
Percentile par nombre de réponses
Votre historique - résultats
Vous n’avez pas pris ce quiz